Which Australian players hit most sixes in an innings[Test Cricket] - Statistics

General Stats
  • This quiz has been taken 25 times
  • The average score is 6 of 7
Answer Stats
No of Sixes Final Score Innings Oppositon Year Answer % Correct
11 380 (437) 1st Zimbabwe 2003 Matthew Hayden
100%
6 203 (320) 1st India 2001 Matthew Hayden
100%
8 204 (213) 1st South Africa 2002 Adam Gilchrist
95%
6 121 (126) 2nd New Zealand 2005 Adam Gilchrist
95%
6 144 (212) 2nd Bangladesh 2006 Adam Gilchrist
95%
6 72 (54) 3rd South Africa 2005 Andrew Symonds
42%
7 84 (91) 2nd Pakistan 2016 Mitchell Starc
37%
No matching quizzes found
Score Distribution
Percent of People with Each Score
Percentile by Number Answered
Your Score History
You have not taken this quiz